000 00404nam a22001457a 4500
003 OSt
005 20200302161723.0
008 171109t xxu||||| |||| 00| 0 eng d
020 _a9793668412033
040 _cMIU
100 _aMichal Bukowski
_92608
245 _aPhotography in mass communication- a shift or decay?
_cMichal Bukowski
260 _aNorderstedt,
_bGRIN Publishing;
_c2010.
942 _2lcc
_cBK
999 _c1768
_d1768